000 00533nam a2200193 4500
003 OSt
005 20260530113921.0
008 260520b |||||||| |||| 00| 0 spa d
040 _aICI
_bspa
_cICI
_erda
050 _aNA1
_b.A73
100 _aContreras, Katia
_eautor
_934641
245 _aArchitectural Digest (AD) México y Latinoamérica
264 _aMéxico
_bCondé Nast
_c2023
300 _a129 páginas
336 _2rdacontent
_atexto
337 _2rdamedia
_asin medio
338 _2rdacarrier
_avolumen
942 _2lcc
_n1
_cBK
999 _c12445
_d12445